Vlani mali záchranári viac práce

Podrobná bibliografia
Médium: Článok
Jazyk:slovenčina
ISSN:1210-2423
Predmet:

MARC

LEADER 00000nab a2200000 ar4500
001 vtls011617623
003 SK-MaSNL
005 20260426103237.0
008 170314c2017 xo wr|p|||||||000 b|slo
038 |a PPPK 
040 |a PPPKCL  |b slo  |c PPPKCL  |e AACR2 
041 0 |a slo 
044 |a xo  |c SK 
080 |a 614.88(23.0)  |x (437.6)  |2 2011 
245 0 0 |a Vlani mali záchranári viac práce  |c [autor] (red) 
610 1 7 |a Horská záchranná služba (Vysoké Tatry, Slovensko)  |2 pppkcl  |9 55573 
648 7 |a 2016  |2 pppkcl  |9 339798 
650 0 7 |a horská záchranná služba  |2 pppkcl  |9 84848 
650 0 7 |a záchranné akcie  |y 2016  |2 pppkcl  |9 1090700 
651 7 |a Slovensko  |2 pppkcl  |9 14231 
773 0 |t Podtatranské noviny  |g Roč. LVII, č. 10 (2017), s. 3  |x 1210-2423 
852 |a PPPK  |b KIS3GCP 
999 |c 3280041  |d 3281971